03477nam a22002537a 450000500170000000800410001702000180005804000180007608200200009410000240011424500550013825000120019326000460020530000340025150008180028550515940110365000340269765000350273165000300276694200300279699900190282695201890284595201890303420250507113724.0250505b |||||||| |||| 00| 0 eng d a9789351611363 cAIMIT LIBRARY 21a658.12bGUPC aGupta, C B.9209185 aBusiness organisation and management /cC B Gupta. a1st ed. aNew Delhi :bSultan Chand & Sons ,c2023. axxii,39.10,A.15.bPBc24.6 cm aAbout the Book This book has been designed primarily as a text – book for B.Com Degree Students of Delhi University and of other Indian Universities. It describes the basic concepts and techniques in a simple and lucid manner. The book is divided into six parts, namely – Introduction of Business Organising a Business, Marketing of Products, Financing the Business, Business Horizons and Principles of Management. Salient Features Learning objectives at the beginning of each chapter to provide at a glance the topics covered. Tables and Diagrams to illustrate the text. Summary and Key-terms at the end of each chapter for quick revision. Test questions culled from B.Com. and BBA Examinations of various Universities for self-examination. Bibliography and Index further enhance the value of the book aContents: SECTION I: INTRODUCTION Nature and scope of business Business System and Its Environment Objectives of Business Social Responsibilities of Business SECTION II: ORGANISING A BUSINESS Promotion: Legal and Procedural Aspects (Launching a Business Enterprise) Location: Selection of Region and Site Forms of Ownership Organisation-1 (Proprietorship and partnership) Forms of Ownership Organisation-11 (Company and Cooperative) Choice of Suitable Form of Business Organisation SECTION III: MARKETING OF PRODUCTS Nature and Functions of marketing Channels of Distribution (Home Trade) Exports and Imports (Foreign Trade) Advertising, Salesmanship and Sales Promotion Business Risks Elements of Insurance SECTION IV: FINANCING THE BUSINESS Financial Planning (Capitalisation and Capital Structure) Source of Corporate Finance Special Financial Institutions Stock Exchange and SEBI SECTION V: BUSINESS HORIZONS Public Enterprises and Public Utilities Small Business in India SECTION V: PRINCIPLES OF MANAGEMENT Nature and Scope of Management Functions and Principles of Management Coordination- The Essence of Management Approaches to the Study of Management Nature and Significance of Planning Process and Types of Plans Nature and Process of Organising Departmentation Delegation and Decentralisation of Authority Forms of Organisations Nature and Functions of Staffing Recruitment, Selection and Training Nature and Scope of Directing Motivation and Morale Leadership Communication Nature and Process of Control Techniques of Managerial Controls Appendix Bibliography Index aOrganising a business9209186 aFinancing the business9209187 aBusiness horizons9209188 2ddccBKe1stk658.12 GUPC c234277d234277 00102ddc40708MBAaAIMITbAIMITcMGTd2025-03-14eBiblios Book Pointg495.00iBill.no:7467; Bill.dt:2025/03/11l0o658.12 GUPCpMBA15009r2026-05-23 00:00:00v420.75w2025-05-05yBK 00102ddc40708MBAaAIMITbAIMITcMGTd2025-03-14eBiblios Book Pointg495.00iBill.no:7467; Bill.dt:2025/03/11l0o658.12 GUPCpMBA15010r2026-05-23 00:00:00v420.75w2025-05-05yBK